| 000 | 00000nam 2200000zi 4500 |
| 001 | 9.883410 |
| 003 | CaOODSP |
| 005 | 20240417115848 |
| 006 | m o d f |
| 007 | cr mn||||||||| |
| 008 | 200109e201912 quca o f000 0 eng d |
| 020 | |a9780660336831 |
| 040 | |aCaOODSP|beng|erda|cCaOODSP |
| 043 | |an-cn--- |
| 045 | |ay1y1 |
| 086 | 1 |aEn4-390/2020E-PDF |
| 245 | 00|aAudit of occupational health and safety at Environment and Climate Change Canada : |bfinal report. |
| 246 | 17|aFinal report : |baudit of occupational health and safety at ECCC |
| 264 | 1|aGatineau QC : |bEnvironment and Climate Change Canada = Environnement et changement climatique Canada, |cDecember 2019. |
| 264 | 4|c©2020 |
| 300 | |a1 online resource (ii, 32 pages) : |billustrations |
| 336 | |atext|btxt|2rdacontent |
| 337 | |acomputer|bc|2rdamedia |
| 338 | |aonline resource|bcr|2rdacarrier |
| 500 | |aIssued also in French under title: Audit de la santé et sécurité au travail à Environnement et changement climatique Canada : rapport final. |
| 500 | |aTitle from cover. |
| 610 | 10|aCanada. |bEnvironment and Climate Change Canada|xAuditing. |
| 650 | 0|aIndustrial hygiene|zCanada|xAuditing. |
| 650 | 0|aIndustrial safety|zCanada|xAuditing. |
| 710 | 1 |aCanada. |bEnvironment and Climate Change Canada. |bAudit and Evaluation Branch, |eissuing body. |
| 775 | 08|tAudit de la santé et sécurité au travail à Environnement et changement climatique Canada : |w(CaOODSP)9.883412 |
| 856 | 40|qPDF|s743 KB|uhttps://publications.gc.ca/collections/collection_2020/eccc/En4-390-2020-eng.pdf |